How Many? - Statistics

General Stats
  • This quiz has been taken 51 times
  • The average score is 16 of 20
Answer Stats
Hint Answer % Correct
Years in a decade 10
100%
Hemispheres 2
100%
Countries with over a billion people 2
100%
Seasons 4
100%
Minutes in an hour 60
98%
Seconds in a minute 60
98%
Years in a century 100
96%
Deadly sins 7
96%
English Henry Kings 8
96%
Hours in a day 24
94%
Years in a millennium 1000
92%
Days in a year (not leap year) 365
92%
American States 50
92%
Days in February (Not leap year) 29
90%
South American Countries 12
79%
Countries 195
63%
People on Earth 8,000,000,000
52%
0s in one octillion 27
44%
Elements of the Periodic Table 118
27%
Pokemon 1025
10%
No matching quizzes found
Score Distribution
Percent of People with Each Score
Percentile by Number Answered
Your Score History
You have not taken this quiz